00526nam a2200205Ia 4500003000400000005001700004008004100021020001700062040000700079041000800086082001600094100001400110245005100124260004400175300001400219365001300233650002700246650002700273700002000300OSt20260110100838.0210719s2020 xx 000 0 und d a978989648041 cAL aeng a820.33 JAMC aJames V J aChorashastrab: the subtle science of thievery aChennaibWestland books pvt ltd.,c2020 a166p.bPB b299c₹ aIndian English Fiction aIndian English Fiction aNair, Morley J